000 00609nam a22002057b 4500
001 bimo0001833160
003 OSt
005 20140826162552.0
008 030217s2002 sp | ||| ||spa
040 _cBMC
082 _a612.661
082 _a155.5
245 0 3 _aLa adolescencia y tú
_b: proyecto educativo para la ESO : curso 2002-2003
260 _a[Barcelona]
_bArbora & Ausonia
_c2002
300 _a142 p.
_bil. col.
_c23 cm
594 _1Subtít. de la port.: En el espejo : los cambios del cuerpo
650 2 4 _aPubertad
_924348
650 2 4 _aAdolescentes
_xPsicología
_95104
942 _2ddc
_cBK
999 _c13222
_d13222